000 01263nam a2200265 i 4500
001 bg
100 1 _aWOJCIECHOWSKI, Jan
245 1 0 _aOdkształcalność prowadnicowych układów maszyn wytwórczych /
_cJan Wojciechowski.
246 1 1 _aDeformability of the production machine guideway systems
260 _aWrocław :
_bOficyna Wydawnicza PW,
_c1994.
300 _a202 s., [1] k. tabl. złoż. :
_brys., wykr. ;
_c24 cm.
490 1 _aPrace Naukowe Instytutu Technologii Maszyn i Automatyzacji Politechniki Wrocławskiej. Monografie =
_aScientific Papers of the Institute of Mechanical Engineering and Automatization of the Technical University of Wrocław. Monographs,
_x0867-5325 ;
_v16
500 _aTyt. równol. : Deformability of the production machine guideway systems.
500 _aNumeracja ser. gł. : 55.
504 _aBibliogr. s. 186-193. - Summ.
650 9 _aNaprężenia i odkształcenia
_xbadanie
650 9 _aObrabiarki
_xbudowa i konstrukcje
650 9 _aSymulacja
_xstosowanie
_xtechnika
830 0 _aPrace Naukowe Instytutu Technologii Maszyn i Automatyzacji Politechniki Wrocławskiej.
_pMonografie ;
_v16
040 _cBPK
041 0 _apl
_ben
080 _a621.9
942 _cKS
008 s pl f |000 0 pol
999 _c30540
_d30540
856 _uhttp://koha.tu.koszalin.pl/cgi-bin/koha/opac-detail.pl?biblionumber=30540
_yKatalog online BPK